Disney Characters by Picture #4 - Statistics

General Stats
  • This quiz has been taken 190 times
  • The average score is 13 of 16
Answer Stats
Picture Answer % Correct
Peter Pan
99%
Dumbo
98%
Snow White
97%
Captain Hook
93%
Pluto
93%
Alice
89%
Lightning McQueen
89%
Boo
88%
Sebastian
84%
Maleficent
80%
Mowgli
75%
Eeyore
73%
Dash
70%
Esmeralda
64%
Bruce
59%
Slinky Dog
49%
No matching quizzes found
Score Distribution
Percent of People with Each Score
Percentile by Number Answered
Your Score History
You have not taken this quiz